| 000 | 00573nam a22001697a 4500 | ||
|---|---|---|---|
| 999 |
_c192718 _d192718 |
||
| 010 | _aENG-135267 | ||
| 020 |
_a9789386578266 _c1125.00 |
||
| 035 | _aEN-118799 | ||
| 037 | _bDBAD/PUB | ||
| 082 | _a304.20954 | ||
| 245 |
_aMan in Biosphere: _bcase studies on gulf of mannar biosphere reserve and agasthyamalai biosphere reserve/ _cedited by Samit Ghosal |
||
| 260 |
_aDelhi _bBoolwell _c2018 |
||
| 270 |
_bDelhi _e110009 _a3/79,Nirankari Colony, |
||
| 300 |
_axvi,261p.: _c24cm(Hb) _billus. |
||
| 700 | _aGhosal,Samit | ||
| 942 |
_2ddc _cEN _h304.20954 _mMAN |
||